1794 1469 1929 1706 1998 1801 1713 1675 1540 1242 1767 1616 1211 1830 1729 1148 1813 1887 1461 1258 1769 1108 1881 1036 1566 1069 1218 1371 1691 1162 1260 1943 1929 1815 1421 1848 1133 1671 1739 1434 1986 1638 1189 1634 1209 1298 1105 1542 1069 1423 1431 1680 1225 1577 1059 1269 1515 1248 1916 1583 1677 1594 1122 1817 1494 1683 1509 1488 1715 1699 1076 1818 1875 1295 1949 1915 1760 1408 1645 1074 1465 1063 1119 1709 1616 1608 1375 1284 1492 1039 1458 1066 1463 1100 1700 1247 1932 1139 1862 BCNSPRNW ULIB Ver.6.0+V

เปลี่ยนเป็นภาษาไทย

Change to English
 แสดงรายละเอียดบรรณานุกรม
  กลับหน้าหลัก

Brief Record : Get Marc (ISO 2709) : E-mail record : QR code < ปิดหน้าต่าง
LEADER : 00000nam 2200000uu 4500
001    13399122947
003     ULIB
008    020711s2556 th a 000 0 tha d
020    9786165432306
050    DS586^b
110    กรมศิลปากร
245    ศรีศตวรรษมหาสังฆราชา/^cกรมศิลปากร
260    กรุงเทพฯ :^bกรมศิลปากร,^c2556
300    119 หน้า
650    สมเด็จพระญาณสังวร สมเด็จพระสังฆราช
945    ^p0^l0^i20255
945    ^p0^l0^i20256
รายการนี้ยังไม่มีแท็ก
คุณยังไม่ได้ล็อกอิน คุณสามารถมีกิจกรรมร่วมกับเว็บไซต์ได้ แต่ต้องล็อกอินก่อน ::
  ล็อกอิน

รายการสื่อสารสนเทศ

ลำดับที่ ประเภท เลขเรียก/บาร์โค้ด สถานที่ สถานะ
1. การศึกษาทั่วไป
การศึกษาทั่วไป
DS586 ฉ.1 
  Barcode: 20255
ห้องสมุดวิทยาเขตนครสวรรค์
►หนังสือทั่วไป:l:General Books
บนชั้น
2. การศึกษาทั่วไป
การศึกษาทั่วไป
DS586 ฉ.2 
  Barcode: 20256
ห้องสมุดวิทยาเขตนครสวรรค์
►หนังสือทั่วไป:l:General Books
บนชั้น

BibComment


ยังไม่เคยถูกคอมเมนท์

คอมเมนท์ทรัพยากรรายการนี้
  คอมเมนท์: ศรีศตวรรษมหาสังฆร..


 Copyright 2026. Bcnsprnw @Library